[Event "Ruhrgebiet VL1 0405"]
[Site "Ruhrgebiet"]
[Date "2005.01.30"]
[Round "6.3"]
[White "Schneider, Markus"]
[Black "Schmidt, Ingo"]
[Result "1-0"]
[WhiteElo "1995"]
[BlackElo "1990"]
[PlyCount "77"]
[EventDate "2004.09.12"]
[EventType "team-tourn"]
[EventRounds "9"]
[EventCountry "GER"]
[SourceTitle "EXT 2006"]
[Source "ChessBase"]
[SourceDate "2005.11.24"]
[SourceVersion "1"]
[SourceVersionDate "2005.11.24"]
[SourceQuality "1"]
[WhiteTeam "Mengede SG"]
[BlackTeam "Hamm 45/58"]
[WhiteTeamCountry "GER"]
[BlackTeamCountry "GER"]

1. e4 e5 2. Nf3 Nc6 3. Bb5 a6 4. Bxc6 dxc6 5. 0-0 Bg4 6. h3 h5 7. d3 Bxf3 8. Qxf3 Qd7 9. Nd2 0-0-0 10. Nc4 f6 11. Bd2 Bc5 12. b4 Bd4 13. Rab1 Kb8 14. c3 Ba7 15. Be3 g5 16. Rfd1 g4 17. Bxa7+ Kxa7 18. Qe3+ Kb8 19. h4 g3 20. Qxg3 Nh6 21. Ne3 Rdg8 22. Qf3 Rg6 23. d4 Ng4 24. Nf5 exd4 25. cxd4 Qe6 26. Rd2 Rhg8 27. Rc1 Qd7 28. Rdc2 Qe6 29. a4 Nh6 30. g3 Qe8 31. Nxh6 Rxh6 32. b5 axb5 33. axb5 c5 34. b6 Rh7 35. bxc7+ Kc8 36. Qf5+ Qd7 37. Rxc5 Rd8 38. Qxd7+ Rdxd7 39. Ra1 1-0